000 00572nam a2200169 i 4500
001 64357
003 ES-MaACL
005 20230906165118.0
007 t|
008 031223m19261930sp ||||1| spa d
100 1 _aFoerster, Max.
_951403
245 1 0 _aManual del ingeniero constructor y del arquitecto /
_cpor Max Foerster asistido por diversos especialistas ; versión española dirigida por E. Terradas.
260 _aMadrid :
_bEspasa-Calpe,
_c1926-1930.
300 _a2 v. :
_bil. ;
_c20 cm.
700 1 _aTerradas, Esteban.
_9109767
852 _aES-MaACL
_jA-1810-11
999 _c64357
_d64357